Statystyki dla Wszystkie mecze Polski na Mistrzostwach Europy w piłce nożnej

Kliknij tutaj aby rozwiązać quiz!

Ogólne statystyki

  • Ten quiz został rozwiązany 431 razy
  • Średni wynik to 13 z 14

Statystyki odpowiedzi

RokWynikReprezentacja% Poprawnych
20161-1(3-5)Portugalia
99%
20080-2Niemcy
98%
20160-0Niemcy
98%
20211-1Hiszpania
97%
20161-1(5-4)Szwajcaria
97%
20212-3Szwecja
96%
20161-0Ukraina
96%
20211-2Słowacja
94%
20121-1Rosja
93%
20120-1Czechy
91%
20121-1Grecja
91%
20161-0Irlandia Północna
88%
20081-1Austria
85%
20080-1Chorwacja
71%

Rozkład punktacji

Percentyl według liczby udzielonych odpowiedzi

Procent ludzi z każdym wynikiem

Twoja historia wyników

Nie rozwiązałeś tego quizu